logo

Bir Sreshtho Munshi Abdur Rouf Library
Jhenaidah Cadet College

The great divergence : (Record no. 13669)

MARC details
000 -LEADER
fixed length control field 00739nam a2200217 a 4500
001 - CONTROL NUMBER
JCCL Control Number 13669
003 - CONTROL NUMBER IDENTIFIER
JCCL marc code BD-JhCC
005 - DATE AND TIME OF LATEST TRANSACTION
control field 20240313194905.0
008 - FIXED-LENGTH DATA ELEMENTS--GENERAL INFORMATION
fixed length control field 240313b2000 nyu |||| ||a| 001 0 eng d
020 ## - INTERNATIONAL STANDARD BOOK NUMBER
International Standard Book Number 9780691005430
035 ## - SYSTEM CONTROL NUMBER
system control number (BD-JhCC)13669
040 ## - CATALOGING SOURCE
Original cataloging agency BD-JhCC
Modifying agency BD-JhCC
041 ## - LANGUAGE CODE
Language code of Book english
082 ## - DEWEY DECIMAL CLASSIFICATION NUMBER
Classification number 330.951
Author mark and Year POM 2000
100 ## - MAIN ENTRY--PERSONAL NAME
Personal name Pomeranz,Kenneth
245 ## - TITLE STATEMENT
Title The great divergence :
Remainder of title China, Europe, and the making of the modern world economy /
Statement of responsibility, etc Kenneth Pomeranz
260 ## - PUBLICATION, DISTRIBUTION, ETC. (IMPRINT)
Place of publication, distribution, etc Princeton, N.J.
Name of publisher, distributor, etc Princeton University Press,
Date of publication, distribution, etc 2000.
300 ## - PHYSICAL DESCRIPTION
Pagination 382 p, :
Other physical details ill;
Dimensions 22 cm
650 ## - SUBJECT ADDED ENTRY--TOPICAL TERM
Topical term or geographic name as entry element China
General subdivision China Economic conditions 1644-1912
Geographic subdivision Comparative economics
Chronological subdivision Chine Conditions économiques 1644-1912
942 ## - ADDED ENTRY ELEMENTS (KOHA)
Source of classification or shelving scheme Dewey Decimal Classification
Koha item type Books
Holdings
Source of classification or shelving scheme Damaged status Not for loan Home library Current library Shelving location Date of accession Cost, normal purchase price Total Checkouts Full call number Barcode Date last seen Date checked out Copy number Method of acquisition Koha item type Currency
Dewey Decimal Classification     JCC Rouf Library JCC Rouf Library General Stacks   450.00 3 330.951 POM 2000 19131 12/18/2025 11/03/2025 C-1 Purchase Books BDT

JCC Library | Contacts | JCC Home

Last Update on 23 September 2017
Copyright @ 2017-2020 JCC Rouf Library
Rouf Library, Jhenidah Cadet College (JCC), Bangladesh